000 01085nam0a22002411 4500
001 rc\158382
005 20030307112820.4
035 _a(NLR Aleph) 005424587
090 _a7512136
_c7512136
100 _a20030307d1992 u |0rusy50 ca
101 0 _arus
102 _aRU
105 _ay |||||||||
200 1 _aМетодическое пособие к фонохрестоматии "Английский язык. Повторяем разговорные темы"
_eДля общеобразоват шк. (9-11-е кл.)
_fРос. пром.-коммерч. об-ние "ЮНРОС". Информ.-произв. центр
_g[Составитель Леонова С.А.]
210 _aСамара
_cБ. и.
_d1992
215 _a63, [1] с.
_d20
702 1 _aЛеонова
_bС. А.
_gСтелла Александровна
_4220
712 0 2 _a"ЮНРОС", российское пром.-коммерческое об-ние
_cСамара
_3RU\NLR\AUTH\8810012096
801 0 _aRU
_bNLR
_gpsbo
801 1 _aRU
_bELAR
_2rusmarc
852 _aNLR
_j92-4/2755
942 _cBOOK
980 _aNB